Úverové podvody v retailovom bankovníctve
Úverový podvod podľa trestného zákona (58/2000 Z.z.). Základné identifikačné znaky podvodu. Typy úverových podvodov. Účinné opatrenia. Riadenie rizika v oblasti podvodov.
Gespeichert in:
| 1. Verfasser: | |
|---|---|
| Format: | Buchkapitel |
| Sprache: | Slowakisch |
| Schlagworte: | |
| Tags: |
Keine Tags, Fügen Sie das erste Tag hinzu!
|
MARC
| LEADER | 00000naa$a2200000$$$4500 | ||
|---|---|---|---|
| 001 | 0034900 | ||
| 005 | 20231116082112.9 | ||
| 041 | 0 | |a slo | |
| 044 | |a SK | ||
| 245 | 1 | 0 | |a Úverové podvody v retailovom bankovníctve |c Igor Šandrej |
| 520 | |a Úverový podvod podľa trestného zákona (58/2000 Z.z.). Základné identifikačné znaky podvodu. Typy úverových podvodov. Účinné opatrenia. Riadenie rizika v oblasti podvodov. | ||
| 610 | 2 | 0 | |a podvody |
| 610 | 2 | 0 | |a úver |
| 610 | 2 | 0 | |a bankovníctvo retailové |
| 610 | 2 | 0 | |a risk management |
| 100 | 1 | |a Šandrej, Igor | |